000 00732cam a2200265 4500
001 J3071
008 090401t xxu||||| |||| 00| 0 eng d
035 _a(Sirsi) u52809
041 _aeng
050 _a333.337
110 _aGrimley
_92421
245 _aSurvey of property confidence and future requirements. - Spring 1995 - Winter 1995/1996
260 _aLondon
_bGrimley
_c1995-96
300 _a2 pt. ; 30cm.
350 _a0
650 _aCOMPANIES
650 _aOCCUPIERS REQUIREMENTS
650 _aPROPERTY ASSETS
650 _aPROPERTY CONFIDENCE
650 _aPROPERTY HOLDINGS
690 _aPROPERTY-COMMERCIAL PROPERTY
710 _aConfederation of British Industry
_9414
942 _n0
948 _c04/03/1997
999 _c93174
_d93174